| 000 | 01521cam a2200301 a 4500 | ||
|---|---|---|---|
| 003 | OSt | ||
| 005 | 20210312141806.0 | ||
| 008 | 111124s2011 ck ado r 000 0 spa d | ||
| 020 | _a9789588343525 | ||
| 040 |
_aCO-BoPUJ _cCO-JMCR |
||
| 041 | 0 | _aspa | |
| 043 | _as-ck--- | ||
| 082 | 0 | 4 |
_a333.95 / _bA696a _223 |
| 110 | 2 |
_aInstituto de Investigación de Recursos Biológicos Alexander von Humboldt _935930 |
|
| 245 | 1 | 0 |
_aAño internacional de la biodiversidad : _bretos y oportunidades hacia 2020 : memorias 2010 / _ccompilador Eduardo Arias Villa ; Instituto de Investigación de Recursos Biológicos Alexander von Humboldt |
| 260 |
_aBogotá : _bInstituto de Investigación de Recursos Biológicos Alexander Von Humboldt, _c2011. |
||
| 300 |
_a157 páginas : _bilustraciones, diagramas y fotos ; _c21 cm. |
||
| 500 | _aColección Javier Alejandro Maldonado Ocampo. | ||
| 504 | _aIncluye referencias bibliográficas. | ||
| 505 | 0 | _aHistoria natural y del poblamiento -- Motores de perdida -- Movimiento ambiental -- Cambio de perspectivas -- Servicios ecosistémicos -- Retos y oportunidades -- La agenda académica -- Testimonios | |
| 650 | 1 | 4 |
_aDiversidad biológica _zColombia _935998 |
| 650 | 2 | 4 |
_aEcosistemas _zColombia _914655 |
| 650 | 2 | 4 |
_aConservación de los recursos naturales _zColombia _935999 |
| 700 | 1 |
_aArias Villa, Eduardo _ecompilador _936000 |
|
| 710 | 2 |
_aEmpresa Colombiana de Petróleos _936001 |
|
| 942 |
_2ddc _cBK |
||
| 999 |
_c15354 _d15354 |
||